Moi mysli i razmyšlenija žitije opytnogo strannika pis'ma : posledneje proročestvo starca - svidetel'stvo Olega Slavina

Bibliographic Details
Main Author: Rasputin Grigorij Jefimovič, 1872-1916 (Author)
Format: Book
Language:Russian
PhysicalDescription:124 s. fotogr. 21 cm
Published: Moskva Vagrius 2001
ISBN:5264003873
Series:Tajna i proroki
Subjects:

MARC

LEADER 00000nam a2200000 a 4500
001 vtls008423951
003 SK-MaSNL
005 20260301165247.0
008 240318s2001 ru o g h 000 0brus
020 |a 5264003873  |q (viaz.) 
040 |a SNK  |b slo  |c SNK  |e AACR2 
041 0 |a rus 
043 |a e-ru--- 
044 |a ru  |c RU 
072 7 |a 929  |x Biografie  |2 konspekt 
080 |a 929  |2 2001 
080 |a 27-788-055  |2 2001 
080 |a 94(470+571)  |2 2001 
080 |a (092)  |2 2001 
100 1 |a Rasputin Grigorij Jefimovič,  |d 1872-1916  |4 aut  |9 533740 
245 1 0 |a Moi mysli i razmyšlenija  |b žitije opytnogo strannika pis'ma : posledneje proročestvo starca - svidetel'stvo Olega Slavina  |c Grigorij Rasputin 
260 |a Moskva  |b Vagrius  |c 2001 
300 |a 124 s.  |b fotogr.  |c 21 cm 
490 1 |a Tajna i proroki 
600 1 7 |a Rasputin, Grigorij Jefimovič,  |d 1869-1916  |2 SNKMA  |9 113755 
650 0 7 |a rehoľníci  |2 SNKPH  |9 59447 
650 0 7 |a Rusko  |2 SNKPH  |9 162943 
655 7 |a biografie  |2 SNKPH  |9 27965 
830 0 |a Tajna i proroki  |9 533741 
919 |a 5-264-00687-3 
999 |c 823613  |d 825543 
952 |a SNK  |b SNK  |y VYP  |7 0  |p 17A0501615  |o snkIC 133270  |i snk2005/9334  |8 2  |g 4.98  |0 0  |1 0  |4 0  |d 2006-01-13  |l 0  |r 2026-02-24 03:14:09  |w 2026-02-24